000
00195 a2200097 4500
001
42747
100
_a
Hill
245
_a
Oil Paintings
260
_a
London
_b
Blandford
_c
090
_c
26638
_d
26638
942
_a
NUST-CAE
_c
M
_c
18489
999
_c
277820
_d
277820